000 01250cam a2200373 i 4500
001 200446788
999 _c200446788
_d65000
003 TR-AnTOB
005 20240917100927.0
007 ta
008 220126s2008 tu a b 000 0 tur d
010 _a 2009339287
020 _a9789944603379
020 _a9944603376
035 _a(OCoLC)ocn502037646
035 _a(OCoLC)502037646
040 _aNjP
_beng
_erda
_cPUL
_dDLC
_dTR-AnTOB
041 0 _atur
050 0 0 _aHG187.T9
_bI768 2008
090 _aHG187.T9
_bI768 2008
245 0 0 _aUluslararası finans merkezi olarak İstanbul'un yapılanması ve finans kümelenmesi /
_chazırlayan İnci Taşdemir.
264 1 _aİstanbul :
_bİstanbul Ticaret Odası,
_c2008.
300 _a107 pages :
_billustrations ;
_c24 cm
336 _atext
_btxt
_2rdacontent
337 _aunmediated
_bn
_2rdamedia
338 _avolume
_bnc
_2rdacarrier
490 0 _aİstanbul Ticaret Odası. Sektörel yayınlar ;
_vYayın no. 2008-51
504 _aBIB
650 7 _aFinans
_zTürkiye
_zİstanbul
_2etuturkob
_954906
650 7 _aPara politikası
_zTürkiye
_2etuturkob
_972803
651 0 _aİstanbul (Türkiye)
_xEkonomik durum
_959857
700 _aTaşdemir, İnci
_eauthor
_966859
942 _2lcc
_cBK